Name a Valid Gilmore Girls Edition - Statistics

General Stats
  • This quiz has been taken 70 times
  • The average score is 12 of 13
Answer Stats
Prompt Answer % Correct
A place you can get food in Stars Hollow Doose's Market I Al's Pancake World I Luke's Diner I Weston's Bakery I Jojo's Burgers I Black & White & Read Movie Theatre I Antonioli's Pizzeria I Independence Inn I Dragonfly Inn I Taylor's Olde Fashioned Soda Shoppe I The Hungry Diner I Teriyaki Joe's I Andoloro's Italian
100%
Is a Gilmore Girl Lorelai I Rory I Emily I Cousin Marilyn I Trix
100%
Any boyfriend of Lorelai's Luke Danes I Jason "Digger" Styles I Max Medina I Christopher Hayden I Alex Lesman
100%
Anyone who was involved in an argument at the Dance Marathon Sookie I Jackson I Luke I Lorelai I Dean I Rory I Andrew I Andrew's date I Stanley Appleman's wife I Jess I Shane
100%
Name a school/insitution Rory studied at Stars Hollow High I Chilton Preparatory School I Yale University
100%
Was an elected mayor or town selectman of Stars Hollow Taylor Doose I Harry Porter I Jackson Belleville
97%
Name a hobby of Richard Gilmore's Reading I Golfing I Cars I Travelling I Cigar collecting
95%
Name any job Lorelai had A maid I Manager at The Independence Inn I Catering Company Co - Owner I Co -Owner / Manager at The Dragonfly Inn
91%
Members of Hep Alien Lane I Brian I Zac I Gil I Dave
88%
Any sport Dean played Softball I Ice Hockey I Basketball I Motorbiking
88%
Has the last name Nardini April I Anna
83%
Sookie & Jackson's children Davey I Martha
71%
Name any of the celebrity baby names that Lane and Rory mock in season 6 Blanket I Pillow I Apple I Banjo I Satchel I Pilot Inspektor Lee
43%
No matching quizzes found
Score Distribution
Percent of People with Each Score
Percentile by Number Answered
Your Score History
You have not taken this quiz